000 00562nam a2200193Ia 4500
003 GCL
008 140319s9999 xx 000 0 ara d
040 _aGCL /
_cGCL
082 0 4 _a641.7
_bس م
100 1 _aسوفنير بوك هاوس
245 1 0 _aموسوعة عالم الطبخ /
_cسوفنير بوك هاوس
700 1 _aوفاء حموده قبيعة
260 _a[S.N] :
_bدار الراتب الجامعية
300 _aمتعدد
490 _a
650 0 4 _aالاقتصاد المنزلى
650 0 4 _aالطهى
942 _2ddc
_cBK
999 _c36272
_d36272